<?xml version="1.0" encoding="UTF-8"?><?xml-stylesheet type="text/xsl" href="static/style.xsl"?><OAI-PMH xmlns="http://www.openarchives.org/OAI/2.0/" xmlns:xsi="http://www.w3.org/2001/XMLSchema-instance" xsi:schemaLocation="http://www.openarchives.org/OAI/2.0/ http://www.openarchives.org/OAI/2.0/OAI-PMH.xsd"><responseDate>2026-04-14T06:34:42Z</responseDate><request verb="GetRecord" identifier="oai:www.recercat.cat:20.500.14342/4791" metadataPrefix="marc">https://recercat.cat/oai/request</request><GetRecord><record><header><identifier>oai:recercat.cat:20.500.14342/4791</identifier><datestamp>2025-05-15T19:18:32Z</datestamp><setSpec>com_2072_482405</setSpec><setSpec>com_2072_183628</setSpec><setSpec>col_2072_482409</setSpec></header><metadata><record xmlns="http://www.loc.gov/MARC21/slim" xmlns:dcterms="http://purl.org/dc/terms/" xmlns:xsi="http://www.w3.org/2001/XMLSchema-instance" xmlns:doc="http://www.lyncode.com/xoai" xsi:schemaLocation="http://www.loc.gov/MARC21/slim http://www.loc.gov/standards/marcxml/schema/MARC21slim.xsd">
   <leader>00925njm 22002777a 4500</leader>
   <datafield ind2=" " ind1=" " tag="042">
      <subfield code="a">dc</subfield>
   </datafield>
   <datafield ind2=" " ind1=" " tag="720">
      <subfield code="a">Massó-Ortigosa, Núria</subfield>
      <subfield code="e">author</subfield>
   </datafield>
   <datafield ind2=" " ind1=" " tag="720">
      <subfield code="a">Gutiérrez-Vilahú, Lourdes</subfield>
      <subfield code="e">author</subfield>
   </datafield>
   <datafield ind2=" " ind1=" " tag="720">
      <subfield code="a">Costa-Tutusaus, Lluís</subfield>
      <subfield code="e">author</subfield>
   </datafield>
   <datafield ind2=" " ind1=" " tag="720">
      <subfield code="a">Oviedo, Guillermo R.</subfield>
      <subfield code="e">author</subfield>
   </datafield>
   <datafield ind2=" " ind1=" " tag="720">
      <subfield code="a">Rey-Abella, Fernando</subfield>
      <subfield code="e">author</subfield>
   </datafield>
   <datafield ind2=" " ind1=" " tag="260">
      <subfield code="c">2018-06</subfield>
   </datafield>
   <datafield ind2=" " ind1=" " tag="520">
      <subfield code="a">Introduction&#xd;
People with Down syndrome have difficulties in postural control and exhibit differences in the displacement of their centre of pressure and in muscle activity compared with the general population. Previous research has shown that centre of pressure displacement is less depending on visual conditions in people with Down syndrome, although improved balance has been observed following specific physical activities based on dance. The aim of the project was to assess the effect of a dance-based physical activity programme on muscle activity in young adults with Down syndrome.&#xd;
&#xd;
Material and methods&#xd;
Eleven participants with Down syndrome and eleven participants without Down syndrome as the control group followed an 18-week dance programme. Surface electromyography was used to assess ankle muscle activity before and after completion of the programme in open and closed eyes conditions.&#xd;
&#xd;
Results&#xd;
We observed a higher level of muscle activation in Down syndrome group. They showed minor differences between different visual conditions than control group. No significant differences were seen in pre- and post-training in Down syndrome group. Nevertheless, less differences were observed between both groups after training than before.&#xd;
&#xd;
Conclusions&#xd;
Although no significant differences were observed in Down syndrome group after training, differences between groups were decreased. These could be related to some postural adaptations. In the future, it will be interesting to increase the sample and also analyze the position of centre of pressure in relation to feet.</subfield>
   </datafield>
   <datafield ind1="8" ind2=" " tag="024">
      <subfield code="a">http://hdl.handle.net/20.500.14342/4791</subfield>
   </datafield>
   <datafield ind1="8" ind2=" " tag="024">
      <subfield code="a">https://doi.org/10.1016/j.apunts.2017.11.002</subfield>
   </datafield>
   <datafield tag="653" ind2=" " ind1=" ">
      <subfield code="a">Electromiografia</subfield>
   </datafield>
   <datafield tag="653" ind2=" " ind1=" ">
      <subfield code="a">Control postural</subfield>
   </datafield>
   <datafield tag="653" ind2=" " ind1=" ">
      <subfield code="a">Down, Síndrome de</subfield>
   </datafield>
   <datafield tag="653" ind2=" " ind1=" ">
      <subfield code="a">Postura humana</subfield>
   </datafield>
   <datafield tag="653" ind2=" " ind1=" ">
      <subfield code="a">Posició vertical</subfield>
   </datafield>
   <datafield tag="653" ind2=" " ind1=" ">
      <subfield code="a">Dansa</subfield>
   </datafield>
   <datafield ind2="0" ind1="0" tag="245">
      <subfield code="a">Electromyographic analysis of ankle muscles in young adults with Down syndrome before and after the implementation of a physical activity programme based on dance</subfield>
   </datafield>
</record></metadata></record></GetRecord></OAI-PMH>